Entre la autonomia y la subordinación: política de los países latinoamericanos /

Spremljeno u:
Bibliografski detalji
Glavni autor: Muñoz, Heraldo
Daljnji autori: comp Tulchin, Joseph S comp
Format: Tekst
Izdano: Buenos Aires: Grupo Editor Latinoamericano
Oznake: Dodaj oznaku
Bez oznaka, Budi prvi tko označuje ovaj zapis!

MARC

LEADER 00000 a a2200000 04500
001 25711
003
040
020 |a 950-9432-01-6  
090 |a 177703  
100 |a Muñoz, Heraldo  
245 |a Entre la autonomia y la subordinación: política de los países latinoamericanos /  |c Heraldo Muñoz 
260 |a Buenos Aires:   |b Grupo Editor Latinoamericano  
300 |a 258 p; Tomo. 2  
700 |a comp   |a Tulchin, Joseph S   |a comp  
999 |c 11316  |d 11316